00866nam a2200217Ia 4500003000900000008004100009020001800050040001600068080001500084111009200099245018600191260003300377300002300410650001900433650001600452700003100468700003600499942000700535999001500542952009100557IN-BaIIA211028s9999 xx 000 0 eng d a0-306-40541-5 cIIA Library a530.1bSYM aEinstein Centennial Celebration Science SymposiumcCarbondaled1979 Feb 23-Mar 2912278 0aSymmetries in sciencebproceedings of Einstein centennial celebration science Symposium held in Carbondale, February 23 - March 2, 1979cedited by Bruno Gruber and Richard S Millman aNew YorkbPlenum Pressc1980 a[various pagings.] aNASA Thesaurus aPhysics973 aGruber, Bruno., ed.912279 aMillman, Richard S., ed.912280 cBK c7158d7158 00104070aBANbBANcGENd1982-09-10l0o530.1/ SYMp7953r2021-11-05w1982-09-10yBK